[Event "Voronez"]
[Site "Voronez"]
[Date "1987.??.??"]
[Round "?"]
[White "Balashov, Yuri S"]
[Black "Petrienko, Vladimir"]
[Result "1/2-1/2"]
[WhiteElo "2550"]
[BlackElo "2410"]

1.e4 c5 2.Nf3 d6 3.d4 cxd4 4.Nxd4 Nf6 5.Nc3 Nc6 6.Bg5 Qb6 7.Be3 Qxb2 8.Ndb5 Qb4
9.Bd2 Qc5 10.Be3 Qb4 11.Bd2 Qc5 12.Be2 Qb6 13.Rb1 Ne5 14.Be3 Qa5 15.Rb3 g6
16.Ra3 Qd8 17.Bxa7 Ned7 18.f4 Rxa7 19.Nxa7 Bg7 20.e5 dxe5 21.fxe5 Nxe5 22.Qxd8+ Kxd8
23.O-O Kc7 24.Rb1 Be6 25.Nab5+ Kb8 26.Nd4 Bc8 27.Ra5 Nfd7 28.Nd5 e6 29.Ne7 Re8
30.Nxc8 Rxc8 31.Rab5 Rc7 32.Kf1 Nc5 33.Bf3 Nc4 34.R1b4 Nd2+ 35.Ke2 Nxf3 36.gxf3 Na6
37.Ra4 Bxd4 38.Rxa6 Bg1 39.h4 Rxc2+ 40.Kd3 Rc7 41.h5  1/2-1/2

[Event "Voronez"]
[Site "Voronez"]
[Date "1987.??.??"]
[Round "?"]
[White "Prandstetter, Eduard"]
[Black "Yrjola, Jouni"]
[Result "1/2-1/2"]
[WhiteElo "2385"]
[BlackElo "2425"]

1.e4 c5 2.Nf3 d6 3.d4 cxd4 4.Nxd4 Nf6 5.Nc3 Nc6 6.Bg5 e6 7.Qd2 a6 8.O-O-O h6
9.Bf4 Bd7 10.Nxc6 Bxc6 11.Qe3 Qc7 12.h3 b5 13.Bd3 Be7 14.Kb1 Qb7 15.f3 b4
16.Ne2 d5 17.e5 Nd7 18.Qd2 Nb6 19.Nd4 Nc4 20.Qe2 Bb5 21.h4 Bc5 22.Nb3 Bb6
23.Qe1 a5 24.Nc1 Bc5 25.Nb3 Bb6 26.Nc1 Bc5 27.Nb3 Bb6  1/2-1/2

[Event "Voronez"]
[Site "Voronez"]
[Date "1987.??.??"]
[Round "?"]
[White "Pinkas, Karol"]
[Black "Petrienko, Vladimir"]
[Result "0-1"]
[WhiteElo "2405"]
[BlackElo "2410"]

1.e4 c5 2.Nf3 Nc6 3.d4 cxd4 4.Nxd4 Nf6 5.Nc3 d6 6.Bg5 Qb6 7.Nb3 e6 8.Qd2 a6
9.O-O-O Be7 10.f3 O-O 11.h4 Qc7 12.h5 Rd8 13.Be3 b5 14.Qf2 Nd7 15.g4 b4 16.Na4 Rb8
17.g5 Nce5 18.Nd2 Bb7 19.Nb6 Nc5 20.Nbc4 Nxc4 21.Bxc4 d5 22.exd5 exd5 23.Be2 Rbc8
24.Kb1 Ne6 25.Nb3 Qxc2+ 26.Ka1 d4 27.Bd2 Qf5 28.Rdg1 a5 29.g6 a4 30.gxf7+ Kxf7
31.Nc1 d3 32.Bd1 a3 33.Nb3 Qf6 34.Bg5 d2 35.Qxd2 Rxd2 36.Bxf6 Bxf6  0-1

[Event "Vrsac"]
[Site "Vrsac"]
[Date "1987.??.??"]
[Round "?"]
[White "Tseshkovsky, Vitaly"]
[Black "Popovic, Petar"]
[Result "0-1"]
[WhiteElo "2485"]
[BlackElo "2560"]

1.e4 c5 2.Nf3 d6 3.d4 cxd4 4.Nxd4 Nf6 5.Nc3 Nc6 6.Bg5 e6 7.Qd2 a6 8.O-O-O Bd7
9.f4 h6 10.Bh4 g5 11.fxg5 Ng4 12.Nf3 hxg5 13.Bg3 Be7 14.Bd3 Qa5 15.Kb1 Nge5
16.Rhf1 Nxf3 17.Rxf3 Ne5 18.Rff1 Rc8 19.h3 f6 20.Be2 Rc6 21.Bf2 b5 22.a3 Qc7
23.Bd4 Qb7 24.Na2 Rc8 25.Rde1 Rh4 26.Bd3 Rh6 27.Bc3 Nc4 28.Qe2 Qb6 29.h4 Rxh4
30.Bxf6 Bxf6 31.Bxc4 Rxc4 32.Rxf6 Rcxe4 33.Qf1 Rhf4 34.Rxe4 Rxf1+ 35.Rxf1 Qc6
36.Re2 Ke7 37.Ref2 Be8 38.Re1 a5 39.Rfe2 e5 40.Nc3 Bf7 41.Ne4 Qd5 42.b3 Bg6
43.Rd2 Qg8 44.Kb2 Bxe4 45.Rxe4 Ke6 46.Rde2 Qg7 47.a4 b4 48.Rc4 e4+ 49.Ka2 d5
50.Rc6+ Ke5 51.Rc8 Qd7 52.Rg8 Kf4 53.Rf8+ Kg3 54.Rf1 Qc6 55.Rd1 Kf4 56.Kb1 Ke5
57.g4 Ke6 58.Rg1 Qb6 59.Rgg2 Qd4 60.Ref2 Qd1+ 61.Kb2 e3 62.Rf8 Ke5  0-1

[Event "Vrsac"]
[Site "Vrsac"]
[Date "1987.??.??"]
[Round "?"]
[White "Tseshkovsky, Vitaly"]
[Black "Damljanovic, Branko"]
[Result "0-1"]
[WhiteElo "2485"]
[BlackElo "2500"]

1.e4 c5 2.Nf3 Nc6 3.d4 cxd4 4.Nxd4 Nf6 5.Nc3 d6 6.Bg5 e6 7.Qd2 a6 8.O-O-O Bd7
9.f4 b5 10.Bxf6 gxf6 11.Nxc6 Bxc6 12.Bd3 Qb6 13.f5 h5 14.Kb1 b4 15.Ne2 Bh6
16.Qe1 e5 17.h4 Ke7 18.Ng3 Bf4 19.Nf1 Rag8 20.g3 Bh6 21.Rh2 Rg4 22.Re2 Rc8
23.Ne3 Bxe3 24.Rxe3 a5 25.b3 a4 26.Bc4 Qc5 27.Rc1 a3 28.Rd1 Rc7 29.Kc1 Bb7
30.Qe2 Rc8 31.Rd2 Rc7 32.Rd1 Rd7 33.Bd5 Ba6 34.Qd2 Rc7 35.Kb1 Rg8 36.Rf3 Rgc8
37.Rf2 Qb6 38.Qe1 Rc3  0-1

[Event "Wch U20"]
[Site "Adelaide"]
[Date "1988.??.??"]
[Round "5"]
[White "Paneque, Pedro"]
[Black "Rachels, Stuart"]
[Result "1/2-1/2"]
[WhiteElo "2300"]
[BlackElo "2350"]

1.e4 c5 2.Nf3 Nc6 3.d4 cxd4 4.Nxd4 Nf6 5.Nc3 d6 6.Bg5 e6 7.Qd2 Be7 8.O-O-O Nxd4
9.Qxd4 O-O 10.e5 dxe5 11.Qxe5 Bd7 12.h4 Qe8 13.Rh3 Bc6 14.Rg3 Qb8 15.Qe3 Rd8
16.Bd3 Qc7 17.Bf4 Qa5 18.Be5 g6 19.h5 Nxh5 20.Rh3 Qc5 21.Qxc5 Bxc5 22.g4 Ng7
23.Ne4 Bxe4 24.Bxe4 Rxd1+ 25.Kxd1 Rd8+ 26.Rd3 Rxd3+ 27.cxd3 b5 28.d4 Bb6
29.Bd3 a6 30.a4 bxa4 31.Bxa6 h5 32.f3 hxg4 33.fxg4 g5 34.Bb5 f5 35.Bxa4 fxg4
36.Ke2 Nf5 37.Kd3 g3 38.Bc6 Kf7 39.b4 g4 40.Be4 Ke7 41.b5  1/2-1/2

[Event "Baden-Baden"]
[Site "Baden-Baden"]
[Date "1988.??.??"]
[Round "?"]
[White "Tseshkovsky, Vitaly"]
[Black "Fahnenschmidt, Gerhard"]
[Result "1-0"]
[WhiteElo "2505"]
[BlackElo "2380"]

1.e4 c5 2.Nf3 d6 3.d4 cxd4 4.Nxd4 Nf6 5.Nc3 Nc6 6.Bg5 a6 7.Qd2 e6 8.O-O-O Bd7
9.f4 h6 10.Bh4 g5 11.fxg5 Ng4 12.Be2 Nge5 13.Nxc6 Bxc6 14.g3 Ng6 15.Kb1 h5
16.Rhf1 Qc7 17.e5 O-O-O 18.Bd3 Nxh4 19.gxh4 Bg7 20.Qf2 Rhf8 21.exd6 Rxd6
22.Qa7 Qa5 23.Be4 Rxd1+ 24.Rxd1 Kc7 25.Bxc6 Kxc6 26.Qe3 Kc7 27.Ne4 Qe5 28.Qg3 Rd8
29.Re1 Qxg3 30.hxg3 Kc6 31.Kc1 Be5 32.Re3 b5 33.c3 a5 34.Kc2 b4 35.Rf3 Rd7
36.Nf2 bxc3 37.bxc3 Rb7 38.g4 hxg4 39.Nxg4 Bh8 40.Nh6 f5 41.gxf6 Rh7 42.Ng4 Rxh4
43.Nf2  1-0

[Event "Balatonbereny op"]
[Site "Balatonbereny"]
[Date "1988.??.??"]
[Round "7"]
[White "Horvath, Csaba"]
[Black "Kiss, Attila"]
[Result "1-0"]
[WhiteElo "2445"]
[BlackElo "2375"]

1.e4 c5 2.Nf3 Nc6 3.d4 cxd4 4.Nxd4 Nf6 5.Nc3 d6 6.Bg5 e6 7.Qd2 Be7 8.O-O-O Nxd4
9.Qxd4 O-O 10.f3 Qa5 11.Bd2 Qc5 12.Qxc5 dxc5 13.Be3 b6 14.e5 Nd7 15.f4 Rd8
16.Bb5 Nb8 17.Rxd8+ Bxd8 18.Rd1 Be7 19.Be2 Bb7 20.Nb5 a6 21.Nd6 Bxg2 22.Nc8 Nc6
23.Nxb6 Rb8 24.Nd7 Rc8 25.Bc4 Bf3 26.Rf1 Bg2 27.Rg1 Bd5 28.Nf6+ Bxf6 29.Bxd5 exd5
30.exf6 d4 31.Rxg7+ Kh8 32.Bf2 Nd8 33.Bg3 Rc6 34.Bh4 Re6 35.Rg5 c4 36.Rd5 Nc6
37.Rc5 c3 38.bxc3 h6 39.f5 Re4 40.Bg3 dxc3 41.Rxc6  1-0

[Event "Balatonbereny op"]
[Site "Balatonbereny"]
[Date "1988.??.??"]
[Round "9"]
[White "Mueller, Olaf"]
[Black "Tischbierek, Raj"]
[Result "0-1"]
[WhiteElo "2315"]
[BlackElo "2500"]

1.e4 c5 2.Nf3 Nc6 3.d4 cxd4 4.Nxd4 Nf6 5.Nc3 d6 6.Bg5 e6 7.Qd2 a6 8.O-O-O Bd7
9.f4 Be7 10.Nf3 b5 11.Bxf6 gxf6 12.Bd3 Qb6 13.Kb1 O-O-O 14.f5 Kb8 15.fxe6 fxe6
16.Ne2 Bc8 17.Nf4 Qc5 18.c3 Rhe8 19.Bc2 Bf8 20.Rhf1 Ne5 21.Qe2 Nc4 22.Nd4 d5
23.Nd3 Qb6 24.Rxf6 Bg7 25.Rf7 Bxd4 26.cxd4 Qxd4 27.e5 Rd7 28.Rf4 Qb6 29.Ne1 d4
30.Nf3 Red8 31.Bd3 Ne3 32.Rd2 Bb7 33.Be4 Qc5 34.Bxb7 d3  0-1

[Event "Bargteheide op"]
[Site "Bargteheide"]
[Date "1988.??.??"]
[Round "5"]
[White "Gallagher, Joseph G"]
[Black "Kunsztowicz, Uwe"]
[Result "1-0"]
[WhiteElo "2480"]
[BlackElo "2305"]

1.e4 c5 2.Nf3 d6 3.d4 cxd4 4.Nxd4 Nf6 5.Nc3 Nc6 6.Bg5 e6 7.Qd2 Be7 8.O-O-O O-O
9.Nb3 Qb6 10.f3 a6 11.h4 Qc7 12.h5 b5 13.h6 g6 14.Qf2 Ne8 15.Bxe7 Qxe7 16.a3 Rb8
17.Qd2 b4 18.axb4 Rxb4 19.Kb1 Qf6 20.Na2 Rb6 21.Qe3 Rb8 22.Qc3 Qxc3 23.Nxc3 Rb4
24.Be2 f5 25.Rhe1 Kf7 26.Bf1 Ke7 27.exf5 gxf5 28.Nd5+ Kf7 29.Nxb4 Nxb4 30.Nd4 Kf6
31.c3 Nd5 32.Bc4 Ndc7 33.g4 f4 34.g5+ Kxg5 35.Nxe6+ Bxe6 36.Bxe6 Kxh6 37.Bd7 Kg5
38.Bxe8 Nxe8 39.Rd5+ Kh4 40.Rg1 h5 41.Rdg5  1-0

[Event "Beersheba"]
[Site "Beersheba"]
[Date "1988.??.??"]
[Round "?"]
[White "Lederman, Leon"]
[Black "Rechlis, Gad"]
[Result "0-1"]
[WhiteElo "2375"]
[BlackElo "2475"]

1.e4 c5 2.Nf3 Nc6 3.d4 cxd4 4.Nxd4 Nf6 5.Nc3 d6 6.Bg5 e6 7.Qd2 a6 8.O-O-O h6
9.Be3 Be7 10.f4 Nxd4 11.Qxd4 b5 12.Be2 Bb7 13.g4 Rc8 14.g5 hxg5 15.fxg5 Rh3
16.Bd2 Rhxc3 17.bxc3 Nxe4 18.Qxg7 Qa5 19.Rhf1 Qxa2 20.c4 e5 21.Qg8+ Kd7  0-1

[Event "Beersheba"]
[Site "Beersheba"]
[Date "1988.??.??"]
[Round "?"]
[White "Lederman, Leon"]
[Black "Greenfeld, Alon"]
[Result "0-1"]
[WhiteElo "2375"]
[BlackElo "2510"]

1.e4 c5 2.Nf3 d6 3.d4 cxd4 4.Nxd4 Nf6 5.Nc3 Nc6 6.Bg5 e6 7.Qd2 a6 8.O-O-O h6
9.Be3 Bd7 10.f4 b5 11.Bd3 Qc7 12.Nf3 Na5 13.Bd4 b4 14.Ne2 b3 15.Kb1 bxa2+
16.Ka1 Be7 17.g4 Nc6 18.g5 hxg5 19.fxg5 Nxd4 20.Nfxd4 Nh7 21.h4 g6 22.Nf3 Qc5
23.Rdf1 Rb8 24.c3 Nf8 25.Ng3 e5 26.h5 gxh5 27.Rxh5 Rg8 28.Nf5 a5 29.Rfh1 Be6
30.Rh8 Rxh8 31.Rxh8 Kd7 32.Nxe7 Kxe7 33.Rg8 Rc8 34.Qe1 a4 35.Rh8 a3 36.b3 Qxc3+  0-1

[Event "Beersheba"]
[Site "Beersheba"]
[Date "1988.??.??"]
[Round "?"]
[White "Lederman, Leon"]
[Black "Shrentzel, Israel"]
[Result "1/2-1/2"]
[WhiteElo "2375"]
[BlackElo "2385"]

1.e4 c5 2.Nf3 Nc6 3.d4 cxd4 4.Nxd4 Nf6 5.Nc3 d6 6.Bg5 e6 7.Qd2 a6 8.O-O-O h6
9.Bf4 Bd7 10.Nb3 b5 11.Re1 e5 12.Bg3 b4 13.Nd5 a5 14.Kb1 a4 15.Nc1 Be7 16.Nxf6+ gxf6
17.f4 Qa5 18.Rd1 Nd4 19.Bf2 Nb5 20.Be1 Rb8 21.Qxb4 Qc7 22.Bxb5 Rxb5 23.Qa3 Qb7
24.Rd5 Rxd5 25.exd5 Qxd5 26.Bb4 Rg8 27.Re1 Rxg2 28.fxe5 fxe5 29.Nd3 Qd4 30.Nc1 Kf8
31.Rf1  1/2-1/2

[Event "GMA-Open"]
[Site "Belgrade"]
[Date "1988.??.??"]
[Round "?"]
[White "Mokry, Karel"]
[Black "Rodriguez, Amador"]
[Result "1/2-1/2"]
[WhiteElo "2495"]
[BlackElo "2550"]

1.e4 c5 2.Nf3 Nc6 3.d4 cxd4 4.Nxd4 Nf6 5.Nc3 d6 6.Bg5 Bd7 7.Qd2 Rc8 8.f4 h6
9.Bxf6 gxf6 10.Nf5 Qa5 11.Bd3 Nb4 12.a3 Nxd3+ 13.Qxd3 Qc5 14.O-O-O b5 15.Rhe1 Qc4
16.Qd2 b4 17.axb4 Qxb4 18.Nd5 Qxd2+ 19.Rxd2 Kd8 20.Nde3 h5 21.Red1 Ke8 22.Rd3 Rg8
23.g3 Rg6 24.Ra3 Rc7 25.Rb3 Rc8 26.Nh4 Rh6 27.Nhf5 Rg6 28.Nh4  1/2-1/2

[Event "GMA-Open"]
[Site "Belgrade"]
[Date "1988.??.??"]
[Round "?"]
[White "Kosanovic, Goran A"]
[Black "Morovic Fernandez, Ivan"]
[Result "1/2-1/2"]
[WhiteElo "2395"]
[BlackElo "2545"]

1.e4 c5 2.Nf3 Nc6 3.d4 cxd4 4.Nxd4 Nf6 5.Nc3 d6 6.Bg5 e6 7.Qd2 Be7 8.O-O-O O-O
9.f4 h6 10.Bh4 e5 11.Nf5 Bxf5 12.exf5 exf4 13.Kb1 d5 14.Bxf6 Bxf6 15.Nxd5 Be5
16.Bc4 b5 17.Bxb5 Rb8 18.c4 Nd4 19.Rhe1 f6 20.a4 a6 21.Bxa6 Rb3 22.Bb5 Qa8
23.Nc7 Qb7 24.Rxe5 fxe5 25.Ne6 Qe4+ 26.Ka2 Rxb5 27.cxb5 Ra8 28.a5 Rxa5+  1/2-1/2

[Event "GMA-Open"]
[Site "Belgrade"]
[Date "1988.??.??"]
[Round "?"]
[White "Ernst, Thomas"]
[Black "Wang Zili"]
[Result "1/2-1/2"]
[WhiteElo "2450"]
[BlackElo "2310"]

1.e4 c5 2.Nf3 Nc6 3.d4 cxd4 4.Nxd4 Nf6 5.Nc3 d6 6.Bg5 Bd7 7.Qd2 Rc8 8.O-O-O Nxd4
9.Qxd4 Qa5 10.f4 Rxc3 11.bxc3 e5 12.Qb4 Qxb4 13.cxb4 Nxe4 14.Bh4 g5 15.fxg5 Be7
16.Re1 Nxg5 17.Re3 Ne6 18.Bxe7 Kxe7 19.Bd3 Nc7 20.Rf1 Bc6 21.g3 h6 22.a3 f6
23.c4 b5 24.Kb2 bxc4 25.Bxc4 d5 26.Rc3 Ne6 27.Ba6 Bd7 28.b5 d4 29.Rc4 Rb8
30.a4 e4 31.Kc2 e3 32.Kd3 Be8 33.Rxd4 Nxd4 34.Kxd4 e2 35.Re1 Bh5 36.h3 Rd8+
37.Ke3 Rd1 38.Kf2 Bf3 39.a5 Kd6 40.b6 axb6 41.axb6 Rxe1 42.Kxe1 Kc6 43.Bxe2 Bg2
44.h4 Kxb6 45.Kf2 Bd5 46.Ke3 Kc5 47.Kf4 Be6 48.Bg4 Kd6 49.Bxe6 Kxe6 50.Kg4 Kf7
51.Kh5 Kg7 52.Kg4 Kf7 53.h5 Ke6 54.Kf4 f5 55.g4  1/2-1/2

[Event "GMA-Open"]
[Site "Belgrade"]
[Date "1988.??.??"]
[Round "?"]
[White "Danilovic, Milorad"]
[Black "Vukovic, Zdravko"]
[Result "0-1"]
[WhiteElo "2350"]
[BlackElo "2415"]

1.e4 c5 2.Nf3 Nc6 3.d4 cxd4 4.Nxd4 Nf6 5.Nc3 d6 6.Bg5 e6 7.Qd3 a6 8.Be2 Be7
9.Rd1 Bd7 10.O-O O-O 11.Nb3 Qc7 12.Bxf6 gxf6 13.f4 Kh8 14.Bh5 Na5 15.Nxa5 Qxa5
16.f5 b5 17.Qh3 b4 18.Ne2 e5 19.Kh1 Qxa2 20.Qh4 Bb5 21.Ra1 Qxb2 22.Rfb1 Qxc2
23.Bg6 fxg6 24.fxg6 Rf7 25.gxf7 Qxe2 26.Rxb4 Rf8 27.Re1 Qd2 28.Rbb1 Qa2 29.Qh3 Bd8
30.Rb3 Rxf7 31.Qe6 Rg7 32.Rg1 Bf1 33.g4 Bd3 34.Re1 Qf2  0-1

[Event "GMA-Open"]
[Site "Belgrade"]
[Date "1988.??.??"]
[Round "?"]
[White "Watson, William N"]
[Black "Ruban, Vadim"]
[Result "1/2-1/2"]
[WhiteElo "2500"]
[BlackElo "2395"]

1.e4 c5 2.Nf3 d6 3.d4 cxd4 4.Nxd4 Nf6 5.Nc3 Nc6 6.Bg5 e6 7.Bb5 Bd7 8.Bxc6 bxc6
9.Qf3 h6 10.Bh4 Qb6 11.O-O-O Be7 12.Nb3 Rb8 13.e5 dxe5 14.Bxf6 gxf6 15.Ne4 f5
16.Nd6+ Bxd6 17.Rxd6 Ke7 18.Rhd1 Rbd8 19.Qc3 Bc8 20.Qxe5 f6 21.Qg3 Rhg8 22.Rxd8 Rxg3
23.hxg3 Qxd8 24.Rxd8 Kxd8 25.Nc5 Kc7 26.Kd2 Kd6 27.b4 e5 28.Kd3 Kd5 29.c4+ Kd6
30.a4 Kc7 31.a5 Kd6 32.Ke2 Kc7 33.Kd3 Kd6 34.Ke3 Kc7 35.Ke2 Kd6 36.Kd3 Kc7
37.Kc3 Kd6 38.Kd2 Kc7 39.Kc2 Kd6 40.Kc3 h5 41.Kb2 Kc7 42.Kb3 Kd6 43.Kc3 a6
44.Kc2 Kc7 45.Kd3 Kd6 46.Ke2 Ke7 47.Ke1 Kd6 48.Kd2 Kc7 49.Ke3 Kd6 50.Kd3 Kc7
51.Kc2 Kd6 52.Kb2 Kc7 53.Ka2 Kd6 54.Kb3 Kc7 55.Ka3 Kd6 56.Ka4 e4 57.Kb3 Ke5
58.Kc3 f4 59.gxf4+ Kxf4 60.Kd4 f5 61.b5 cxb5 62.cxb5 axb5 63.a6 Bxa6 64.Nxa6  1/2-1/2

[Event "Berlin op"]
[Site "Berlin-West"]
[Date "1988.??.??"]
[Round "1"]
[White "Lau, Ralf"]
[Black "Madl, Ildiko"]
[Result "1/2-1/2"]
[WhiteElo "2495"]
[BlackElo "2345"]

1.e4 c5 2.Nf3 d6 3.d4 cxd4 4.Nxd4 Nf6 5.Nc3 Nc6 6.Bg5 e6 7.Qd2 a6 8.O-O-O Bd7
9.f4 h6 10.Bh4 g5 11.fxg5 Ng4 12.Kb1 Be7 13.Nxc6 Bxc6 14.Qd4 Rh7 15.g6 fxg6
16.Bxe7 Qxe7 17.Be2 Ne5 18.Qxd6 Qxd6 19.Rxd6 Ke7 20.Rd2 Rf7 21.Rf1 Rxf1+
22.Bxf1 Rf8 23.Bd3 Ng4 24.h3 Ne5 25.Kc1 g5 26.Kd1 g4 27.hxg4 Nxg4 28.Ke1 Kf6
29.Re2 Ke5 30.Nb1 Rg8 31.Nd2 Kf4 32.Nf1 Ke5 33.Nd2 Kf4 34.Kf1 h5 35.Kg1 Bb5
36.e5 Bxd3 37.cxd3 Nxe5 38.d4 Ng4 39.Rxe6 Rc8 40.Nf1 Rc1 41.Re2 Rd1 42.Rd2 Ne3
43.Rxd1 Nxd1 44.Kh2 Nxb2 45.Kh3 Nd3 46.Nd2 Ke3 47.Nb3 Nf4+ 48.Kh4 Nxg2+ 49.Kxh5 b6
50.Kg5 Ke4 51.Kf6 Kd5 52.Ke7 a5 53.Kd7 a4 54.Kc7 axb3  1/2-1/2

[Event "US op"]
[Site "Boston"]
[Date "1988.??.??"]
[Round "?"]
[White "Rachels, Stuart"]
[Black "Dlugy, Maxim"]
[Result "1/2-1/2"]
[WhiteElo "2350"]
[BlackElo "2550"]

1.e4 c5 2.Nf3 Nc6 3.d4 cxd4 4.Nxd4 Nf6 5.Nc3 d6 6.Bg5 e6 7.Qd2 a6 8.O-O-O h6
9.Be3 Nxd4 10.Qxd4 Qc7 11.f4 Be7 12.Be2 b5 13.e5 dxe5 14.Qxe5 Bd8 15.Bf3 Rb8
16.Qxc7 Bxc7 17.Ba7 Bxf4+ 18.Kb1 Rb7 19.Bc6+ Nd7 20.Bxb7 Bxb7 21.Rhf1 Be5
22.Rxf7 Bc6 23.Rf2 Bxh2 24.Re2 Kf7 25.Ne4 Bc7 26.Rf1+ Kg6 27.Nc5 Nxc5 28.Bxc5 Bd5
29.b3 h5 30.Rf8 Rxf8 31.Bxf8 h4 32.c3 Bf4 33.Be7 Kh5 34.Kc2 g5 35.Kd3 e5
36.c4 Bc6 37.Bf6 bxc4+ 38.bxc4 Kg4 39.Bxe5 Bxe5 40.Rxe5 Bxg2 41.Ke3 h3 42.Kf2 Bf3
43.Rxg5+ Kxg5 44.Kxf3 Kf5 45.Kg3 Ke5 46.Kxh3 Kd4 47.Kg2 Kxc4 48.Kf2 Kc3 49.Ke2 a5
50.a4 Kb3 51.Kd2 Kxa4  1/2-1/2

[Event "US op"]
[Site "Boston"]
[Date "1988.??.??"]
[Round "?"]
[White "Peters, John A"]
[Black "Rachels, Stuart"]
[Result "1/2-1/2"]
[WhiteElo "2495"]
[BlackElo "2350"]

1.e4 c5 2.Nf3 Nc6 3.d4 cxd4 4.Nxd4 Nf6 5.Nc3 d6 6.Bg5 e6 7.Qd2 Be7 8.O-O-O Nxd4
9.Qxd4 O-O 10.f4 Qa5 11.Bc4 Bd7 12.Bb3 Bc6 13.Rhf1 h6 14.Bh4 Qh5 15.Bg3 d5
16.exd5 Rfd8 17.Qe5 Qxe5 18.fxe5 Nxd5 19.Nxd5 Bxd5 20.Bxd5 Rxd5 21.Rxd5 exd5
22.Kd2 Bc5 23.Rf3 Rd8 24.Rd3 Bb6 25.Bh4 g5 26.Bg3 Kg7 27.Rf3 Re8 28.Rd3 Rd8
29.a4 f5 30.exf6+ Kxf6 31.Rf3+ Ke6 32.Kd3 h5 33.h3 Rg8 34.Rf1 h4 35.Be1 Bd8
36.g4 hxg3 37.Rg1 Bc7 38.Bxg3  1/2-1/2

[Event "US op"]
[Site "Boston"]
[Date "1988.??.??"]
[Round "?"]
[White "Reyes, Romuel"]
[Black "Joshi, Sandeep"]
[Result "0-1"]
[WhiteElo "2320"]
[BlackElo "2245"]

1.e4 c5 2.Nf3 d6 3.d4 cxd4 4.Nxd4 Nf6 5.Nc3 Nc6 6.Bg5 e6 7.Qd2 a6 8.O-O-O h6
9.Bf4 Bd7 10.Nxc6 Bxc6 11.f3 d5 12.exd5 Nxd5 13.Nxd5 Qxd5 14.Qxd5 Bxd5 15.Kb1 O-O-O
16.Be2 Be7 17.c4 Bc6 18.Be5 f6 19.Bc3 Bd6 20.Ba5 Bc7 21.Bxc7 Kxc7 22.Kc2 g5
23.Rxd8 Rxd8 24.Rd1 Rxd1 25.Bxd1 Kd6 26.g3 Ke5 27.Kd3 f5 28.b4 f4 29.a4 b6
30.g4 Kd6 31.Kc3 a5 32.c5+ bxc5 33.b5 Bd5 34.h3 e5 35.Kd3 Kd7 36.Ke2 e4 37.fxe4 Bxe4
38.Bb3 Bg2 39.Kf2 Bxh3 40.Bd1 c4 41.Bf3 c3 42.Ke2 Bf1+ 43.Kd1 Bd3 44.b6 Kc8
45.Kc1 Kb8 46.Kd1 Ba6  0-1

[Event "Compack"]
[Site "Budapest"]
[Date "1988.??.??"]
[Round "?"]
[White "Barczay, Laszlo"]
[Black "Kosten, Anthony C"]
[Result "1/2-1/2"]
[WhiteElo "2375"]
[BlackElo "2510"]

1.e4 c5 2.Nf3 Nc6 3.d4 cxd4 4.Nxd4 Nf6 5.Nc3 d6 6.Bg5 e6 7.Qd2 a6 8.O-O-O h6
9.Be3 Be7 10.f3 Nxd4 11.Bxd4 b5 12.Kb1 Qa5 13.Nd5 Qxd2 14.Nxf6+ Bxf6 15.Rxd2 Bxd4
16.Rxd4 Ke7 17.c4 b4 18.Be2 e5 19.Rd2 Be6 20.a4 Rhc8 21.b3 a5 22.Bd3 g5 23.g4 h5
24.h3 Rh8 25.Rf1 hxg4 26.hxg4 Rh3 27.Be2 Rh2 28.Kc2 Rah8 29.Rg1 Rf2 30.Bd1 Rxd2+
31.Kxd2 Rh2+ 32.Be2 Kd7 33.Ke3 Kc6 34.Kd3 Kc5 35.Ke3 Bd7 36.Rd1 Bc6 37.Ra1 f6
38.Rd1 Bb7  1/2-1/2

[Event "Budapest"]
[Site "Budapest"]
[Date "1988.??.??"]
[Round "?"]
[White "Vancsura, Zoltan"]
[Black "Barbero, Gerardo F"]
[Result "0-1"]
[WhiteElo "2295"]
[BlackElo "2505"]

1.e4 c5 2.Nf3 Nc6 3.d4 cxd4 4.Nxd4 Nf6 5.Nc3 d6 6.Bg5 e6 7.Qd2 a6 8.O-O-O Bd7
9.f4 h6 10.Bh4 g5 11.fxg5 Ng4 12.Nf3 hxg5 13.Bg3 Be7 14.h3 Nge5 15.Nxe5 Nxe5
16.Be2 Qc7 17.Rhe1 Rh7 18.Qd4 b5 19.a3 Rb8 20.Rd2 a5 21.Red1 f6 22.Bxe5 fxe5
23.Qf2 b4 24.axb4 axb4 25.Nb1 Ra8 26.Rf1 Ra1 27.Bg4 Qc4 28.b3 Qa6 29.Rdd1 Bb5
30.Rfe1 Qa2 31.Kd2 Qxc2+ 32.Kxc2 Ra2+ 33.Kc1 Rxf2 34.Rd2 Rf6 35.Ra2 Bd8 36.Bf3 Bb6
37.Ra8+ Kd7 38.Nd2 Kc6 39.Nc4 Bd4 40.Kc2 Rff7 41.Rc1 Ra7 42.Rg8 Bxc4 43.bxc4 Ra2+
44.Kd1 Bc3 45.Rc2 Rha7 46.Rxg5 b3 47.Rxc3 Ra1+ 48.Kd2 R7a2+ 49.Ke3 b2  0-1

[Event "Compack"]
[Site "Budapest"]
[Date "1988.??.??"]
[Round "?"]
[White "Barczay, Laszlo"]
[Black "Reeh, Oliver"]
[Result "1/2-1/2"]
[WhiteElo "2375"]
[BlackElo "2460"]

1.e4 c5 2.Nf3 d6 3.d4 cxd4 4.Nxd4 Nf6 5.Nc3 Nc6 6.Bg5 Bd7 7.Qd2 Rc8 8.O-O-O Nxd4
9.Qxd4 Qa5 10.Bd2 g6 11.Bc4 Bg7 12.Bb3 Qc5 13.Qxc5 dxc5 14.f3 c4 15.Ba4 Bxa4
16.Nxa4 O-O 17.Be3 Rfd8 18.Rxd8+ Rxd8 19.Rd1 Rxd1+ 20.Kxd1 b6 21.b3 cxb3
22.cxb3 Nd7 23.Kc2 Kf8 24.Nc3 Ne5 25.Bd4 Nc6 26.Bxg7+ Kxg7 27.Kd3 Kf6 28.a3  1/2-1/2

[Event "Compack"]
[Site "Budapest"]
[Date "1988.??.??"]
[Round "?"]
[White "Horvath, Jozsef"]
[Black "Reeh, Oliver"]
[Result "1/2-1/2"]
[WhiteElo "2495"]
[BlackElo "2460"]

1.e4 c5 2.Nf3 d6 3.d4 cxd4 4.Nxd4 Nf6 5.Nc3 Nc6 6.Bg5 e6 7.Qd2 Be7 8.O-O-O O-O
9.Nb3 Qb6 10.f3 Rd8 11.Be3 Qc7 12.Qf2 d5 13.exd5 Nxd5 14.Nxd5 Rxd5 15.Rxd5 exd5
16.g4 Ne5 17.Kb1 Nc4 18.Bd4 Bd7 19.Bd3 a5 20.Re1 Bg5 21.a3 b5 22.Nc5  1/2-1/2

[Event "BUL-ch"]
[Site "BUL"]
[Date "1988.??.??"]
[Round "?"]
[White "Donchev, Dimitar I"]
[Black "Inkiov, Ventzislav"]
[Result "1/2-1/2"]
[WhiteElo "2470"]
[BlackElo "2490"]

1.e4 c5 2.Nf3 d6 3.d4 cxd4 4.Nxd4 Nf6 5.Nc3 Nc6 6.Bg5 e6 7.Qd2 Be7 8.O-O-O O-O
9.f4 Nxd4 10.Qxd4 Qa5 11.Bc4 Bd7 12.Rhf1 Bc6 13.Bb3 h6 14.Bh4 Qh5  1/2-1/2

[Event "Cannes op"]
[Site "Cannes"]
[Date "1988.??.??"]
[Round "?"]
[White "Gazik, Igor"]
[Black "Belotti, Bruno"]
[Result "1-0"]
[WhiteElo "2415"]
[BlackElo "2340"]

1.e4 c5 2.Nf3 d6 3.d4 cxd4 4.Nxd4 Nf6 5.Nc3 Nc6 6.Bg5 e6 7.Qd2 Be7 8.O-O-O Nxd4
9.Qxd4 O-O 10.f4 Qa5 11.Bc4 Bd7 12.e5 dxe5 13.fxe5 Bc6 14.Bd2 Nd7 15.Nd5 Qd8
16.Nxe7+ Qxe7 17.Rhe1 Nb6 18.Bd3 Rad8 19.Qg4 Rxd3 20.cxd3 Ba4 21.Kb1 Bxd1
22.Rxd1 Rc8 23.Bh6 f5 24.exf6 Qxf6 25.Be3 Nd5 26.Bd4 Qf7 27.Re1 Re8 28.Be5 h6
29.a3 Kh7 30.Qd4 a6 31.h4 Re7 32.g4 Qf3 33.g5 Rd7 34.Ka1 Rf7 35.gxh6 Kxh6
36.Rg1 Nf6 37.Qc3 Kh7 38.Qd2 Ng4 39.Bc3 Rf5 40.Re1 e5 41.d4 Qf4 42.Qc2 exd4
43.Bxd4 Nh6 44.Re4 Qf1+ 45.Ka2 b5 46.Re7 Kg6 47.Rxg7+ Kh5 48.Be3 Nf7 49.Bg5 Qf3
50.Qb3 Qxb3+ 51.Kxb3 a5 52.Be7 Rf3+ 53.Ka2 a4 54.Rg8 Re3 55.Bc5 Re5 56.Bf2 Re2
57.Bg3 Re3 58.Kb1 Rf3 59.Kc2 Kh6 60.Be1 Kh5 61.Rc8 Rf5 62.Kc3 Re5 63.Bf2 Nd6
64.Rh8+ Kg4 65.Bd4 Rd5 66.Bg7 Ne4+ 67.Kb4 Ng3 68.Rb8 Nf5 69.Bf6 Nd6 70.Rg8+ Kf3
71.Rg5 Rd2 72.Bc3 Rh2 73.h5 Rh4+ 74.Ka5 b4 75.axb4 a3 76.bxa3 Ne4 77.Rd5  1-0

[Event "COL-ch"]
[Site "?"]
[Date "1988.??.??"]
[Round "2"]
[White "Henao, Raul Fernando"]
[Black "Betancourt, David"]
[Result "0-1"]
[WhiteElo "2345"]
[BlackElo "2230"]

1.e4 c5 2.Nf3 d6 3.d4 cxd4 4.Nxd4 Nf6 5.Nc3 Nc6 6.Bg5 e6 7.Qd2 Be7 8.O-O-O a6
9.f3 h6 10.Be3 Qc7 11.Bd3 Bd7 12.Rhe1 Na5 13.f4 b5 14.Kb1 b4 15.Nce2 d5 16.exd5 Nxd5
17.f5 e5 18.Ng3 exd4 19.Bxd4 f6 20.Bc4 Bc6 21.Bxd5 Bxd5 22.Qxb4 Nc6 23.Qc5 O-O-O
24.Qb6 Qxb6 25.Bxb6 Rd7 26.Nh5 Kb7 27.Nf4 Bxa2+ 28.Kxa2 Rxd1 29.Rxd1 Kxb6
30.Nd5+ Kc5 31.Nc7 Ne5 32.g3 Rc8 33.Ne6+ Kb6 34.c3 Rg8 35.b4 a5 36.Nf4 Rd8
37.Nd5+ Kb5 38.Rd4 Rd7 39.c4+ Kc6 40.bxa5 Kc5 41.Re4 Ra7 42.Nf4 Nxc4 43.Ne6+ Kb4
44.Nf4 Rxa5+ 45.Kb1 Bd6  0-1

[Event "COL-ch"]
[Site "?"]
[Date "1988.??.??"]
[Round "4"]
[White "Zapata, Alonso"]
[Black "Betancourt, David"]
[Result "1-0"]
[WhiteElo "2500"]
[BlackElo "2230"]

1.e4 c5 2.Nf3 d6 3.d4 cxd4 4.Nxd4 Nf6 5.Nc3 Nc6 6.Bg5 e6 7.Qd2 a6 8.O-O-O h6
9.Be3 Bd7 10.f3 b5 11.Kb1 Be7 12.g4 b4 13.Nce2 d5 14.Nxc6 Bxc6 15.Nd4 Bb7
16.e5 Nd7 17.f4 Qc8 18.h4 a5 19.Bd3 Ba6 20.g5 hxg5 21.hxg5 Rxh1 22.Rxh1 Bxd3
23.Qxd3 Qc4 24.Rh8+ Bf8 25.g6 Qxd3 26.cxd3 Ra6 27.Nb3 Rc6 28.Nxa5 Rc7 29.Bd2 fxg6
30.Bxb4 Kf7 31.Bd6 Bxd6 32.exd6 Rc5 33.Nb7 Rb5 34.Nd8+ Kf6 35.Re8 Rb8 36.a4 Kf5
37.a5 Ra8 38.b4 Rb8 39.Kc2 g5 40.fxg5 e5 41.a6 g6 42.b5 Rc8+ 43.Kd1 e4 44.dxe4+ dxe4
45.Kd2 Nb6 46.Rf8+ Kg4 47.Ne6 Nc4+ 48.Kd1 Nb2+ 49.Kd2 Nc4+ 50.Ke2 Nxd6 51.a7  1-0

[Event "Dieren op"]
[Site "Dieren"]
[Date "1988.??.??"]
[Round "1"]
[White "Cuijpers, Frans Andre"]
[Black "Booij, Johan"]
[Result "1/2-1/2"]
[WhiteElo "2420"]
[BlackElo "2295"]

1.e4 c5 2.Nf3 Nc6 3.d4 cxd4 4.Nxd4 Nf6 5.Nc3 d6 6.Bg5 e6 7.Qd2 Nxd4 8.Qxd4 Bd7
9.O-O-O Qa5 10.f4 Be7 11.Bxf6 Bxf6 12.e5 Be7 13.exd6 Bf6 14.Qe3 Rc8 15.Ne4 Qxa2
16.Nxf6+ gxf6 17.Qd4 Qa4 18.Qxa4 Bxa4 19.b3 Bc6 20.Rd2 Rg8 21.Rg1 Kd7 22.Kb2 Rg4
23.g3 Rcg8 24.Bd3 Rxf4 25.Bxh7 Rg5 26.Ra1 Rf3 27.Bd3 Rd5 28.Rad1 Re3 29.Bc4 Rxd2
30.Rxd2 f5 31.Be2 a6 32.c4 a5 33.c5 Re5 34.Rc2 Re3 35.Bc4 f4 36.gxf4 Rf3
37.h4 Rxf4 38.Rh2 Rf6 39.Kc3 Rh6 40.Be2 b6 41.b4 axb4+ 42.Kxb4 bxc5+ 43.Kxc5 Rh8
44.h5 Rc8 45.h6 Bf3+ 46.Kd4 Bxe2 47.Rxe2 Kxd6 48.Rh2 e5+ 49.Kd3 Ke6 50.h7 Rh8
51.Kc4 Rc8+ 52.Kd3 Rd8+ 53.Kc4 Rc8+ 54.Kd3  1/2-1/2